00566nam a2200193 a 4500001001300000003000900013005001700022008004100039020001000080082002000090100002100110245007100131260004600202300000900248500003500257505002000292650003900312700002100351nice12345678IN_TiNIC20260116011434.0050524s1914 lona grp 000 0 eng  ac10000a915.404081bPEN aPennell, Alice M aPennell of the Afghan Frontierb Life of Theodore Leighton Pennell aLondonbSeeley, Service and Co. Ltdc1914 a464p aincludes index and biblioraphy2 aIndex, Glossary aAfghanistan-Description and Travel1 aPennell, Alice M